000 00824nmm a2200265 a 4500
001 ocm000645339
003 TR-IsHL
005 20201028141314.0
008 131226s2003 tu tur
007 cr cn
020 _a9789757699736
035 _a645339
_b(N$T)
050 0 4 _aBF575.A8
_b.C56 2003
090 0 4 _aBF575.A8
_b.C56 2003
100 1 _aCimcoz, Sina
245 1 0 _aAşk üzerine: bugün aşk dedikleri
_h[electronic resource] /
_cSina Cimcoz
260 _aİstanbul :
_bGeçit Kitabevi,
_c2003
300 _a256 p.
650 4 _aDil ve Edebiyat
650 4 _aLanguage and Literature
650 0 _aAşk
_x Anekdotlar
650 0 _aLove
_x Anecdotes
650 7 _aPSYCHOLOGY / Emotions
_2bisacsh
856 4 0 _uhttp://search.ebscohost.com/login.aspx?direct=true&scope=site&db=e011xww&AN=645339
999 _c7747
_d7747